| 000 | 00712nam a22001337a 4500 | ||
|---|---|---|---|
| 040 | _cRUA | ||
| 082 | _aAGR MOT 2013 B056 Or.1 | ||
| 100 | _aMOT HAKLIKA | ||
| 245 | _aEffect of biocin-f fertilizer on green mustard in crop station at royal university of agriculture, (ប្រសិទ្ធភាពនៃកម្រិតជី BIOCIN-Fទៅលើដំណាំស្ពៃខៀវ នៅស្ថានីយ៍ដំណាំនៃសាកលវិទ្យាល័យភូមិន្ទកសិកម្ម) | ||
| 260 |
_aphnom penh _bRUA _c2013 |
||
| 300 |
_ax, 38p. _bill. _c29cm. |
||
| 856 | _uhttps://drive.google.com/file/d/1TtV2xEwsgYaQX27Dc6wsZYbcES8G9ELJ/view?usp=sharing | ||
| 942 | _cAGR | ||
| 999 |
_c1386 _d1386 |
||